Σουρρεαλισμός και φωτογραφία : Man Ray : μεταπτυχιακή διατριβή

Saved in:
Bibliographic Details
Main Author: Χαρίτος, Δημήτρης
Corporate Author: Πανεπιστήμιο Αιγαίου. Σχολή Κοινωνικών Επιστημών. Τμήμα Πολιτισμικής Τεχνολογίας και Επικοινωνίας. Πρόγραμμα Μεταπτυχιακών Σπουδών Πολιτισμική Πληροφορική και Επικοινωνία
Format: Thesis Book
Language:Greek
Published: [2008]
Subjects:
Online Access:http://hdl.handle.net/11610/16396
Tags: Add Tag
No Tags, Be the first to tag this record!

MARC

LEADER 00000cam a2200000 i 4500
001 1/1513
008 090915s2008 gr | ||| |||| ||gre||
035 |l 10105624 
040 |a GR-MyUa  |b gre  |e AACR2 
041 0 |a gre 
082 7 |a 709   |2 (22) 
100 1 |a Χαρίτος, Δημήτρης. 
245 1 0 |a Σουρρεαλισμός και φωτογραφία :   |b Man Ray : μεταπτυχιακή διατριβή /   |c Δημήτρης Χαρίτος ; επιβλέπων: Δημήτρης Παπαγεωργίου. 
260 |c [2008] 
300 |a 95 σ. :   |b εικ. ;   |c 30 εκ. 
502 |a Διατριβή (μεταπτυχιακή) – Πανεπιστήμιο Αιγαίου, Λέσβος, 2008. 
504 |a Βιβλιογραφία: σ. 91-95. 
600 1 0 |a Man, Ray,   |d 1890-1976. 
650 0 0 |a Art, Modern. 
650 0 0 |a Surrealism. 
650 0 0 |a Art and photography. 
650 0 0 |a Art, Modern  |x Interactive multimedia. 
650 0 0 |a Dissertations, Academic  |z Greece. 
700 1 |a Παπαγεωργίου, Δημήτρης,  |e dgs 
710 2 |a Πανεπιστήμιο Αιγαίου.   |b Σχολή Κοινωνικών Επιστημών.   |b Τμήμα Πολιτισμικής Τεχνολογίας και Επικοινωνίας.   |b Πρόγραμμα Μεταπτυχιακών Σπουδών Πολιτισμική Πληροφορική και Επικοινωνία. 
852 |a INST  |b LESVOS  |c DIATR  |e 20090915  |h 183  |p 005100046578  |q 005100046578  |t MTXE  |y 23 
852 |a INST  |b LESVOS  |c DIATR  |e 20090915  |h 184  |p 005100046579  |q 005100046579  |t MTXE  |y 23 
856 |u http://hdl.handle.net/11610/16396 
901 |a BIBL1-2009-3 
924 |a Χαρίτος  |b Δημήτρης  |y Λέσβος  |z 2008-07 
970 |a ΤΖΑΦΕΡΗ  |b ΕΥΑΓΓΕΛΙΑ  |z 2009/09/15